Espanyol players since 2000 - Statistics

General Stats
  • This quiz has been taken 10 times
  • The average score is 127 of 308
Answer Stats
Ranking Player Positions Nationality Matches Goals Assists Periods % Correct
166 Armando Sá RB 26 1 0 2005-2006
100%
275 Carlos García CB 3 0 0 2003-2004
100%
6 Carlos Kameni GK 223 0 0 2004-2011
100%
173 Dani García ST 26 5 1 2004-2005
100%
5 David García LB 230 1 4 2000-2011
100%
86 Joan García GK 55 0 0 2021-2025
100%
4 Luis García CM 240 55 22 2005-2012
100%
93 Óscar García AM 52 4 0 2000-2004
100%
1 Raúl Tamudo ST 287 114 13 2000-2010
100%
47 Roger García LM 89 13 7 2000-2003
100%
163 Rubén Sánchez RB 27 0 3 2021-2024
100%
9 Sergio García ST 207 45 40 2010-2014, 2017-2019
100%
3 Víctor Sánchez CM 242 10 18 2011-2020
100%
77 Aarón Martín LB 62 0 0 2016-2018
89%
212 Carlos Sánchez DM 14 0 0 2017-2018
89%
8 David López CB 221 11 9 2010-2011, 2013-2014, 2016-2022
89%
10 Diego López GK 200 0 0 2016-2022
89%
272 Isaías Sánchez DM 4 0 0 2010-2011
89%
2 Javi López RB 254 2 6 2010-2020
89%
73 Pau López GK 67 0 0 2014-2015, 2017-2018
89%
175 Salvi Sánchez RW 24 2 1 2023-2024
89%
88 Sergio Sánchez CB 54 3 0 2004-2006, 2008-2009, 2017-2018
89%
255 Sergio Sánchez GK 6 0 0 2002-2003
89%
269 Álex López CM 4 0 0 2018-2019
78%
228 Álvaro Fernández GK 11 0 0 2022-2023
78%
281 Eric López RW 2 0 0 2010-2011
78%
49 Hernán Pérez RW 87 11 4 2015-2019
78%
14 Javi Puado LW 188 48 18 2018-2019, 2020-2025
78%
140 Lluís López CB 32 1 1 2018-2021
78%
68 Martin Braithwaite ST 70 32 4 2022-2024
78%
50 Raúl de Tomás ST 85 44 6 2019-2022
78%
7 Sergi Darder CM 222 23 23 2017-2023
78%
37 Sergi Gómez CB 105 2 2 2021-2025
78%
42 Álex Fernández DM 95 4 11 2001-2005
67%
155 Álex Fernández CM 29 0 1 2013-2015
67%
91 Ángel Martínez CM 52 2 1 2006-2009
67%
117 Borja Iglesias ST 37 17 3 2018-2019
67%
200 Clemente Rodríguez LB 17 0 0 2007-2008
67%
84 Cristian Álvarez GK 56 0 0 2008-2013
67%
116 Cristian Gómez CM 37 1 1 2011-2013
67%
247 Dani Gómez ST 8 0 0 2022-2023
67%
17 Dídac Vilà LB 165 2 6 2009-2011, 2017-2022
67%
30 Gerard Moreno ST 107 36 8 2015-2018
67%
11 Iván de la Peña AM 198 9 21 2002-2011
67%
278 Jordi Gómez CM 3 0 0 2007-2008
67%
13 Leandro Cabrera CB 194 7 6 2019-2025
67%
28 Lei Wu RW 110 11 4 2018-2022
67%
51 Mauricio Pochettino CB 85 5 2 2000-2001, 2003-2006
67%
27 Maxi Rodríguez LW 111 26 9 2002-2005
67%
94 Óscar Duarte CB 51 1 0 2015-2019
67%
206 Philippe Coutinho AM 16 5 1 2011-2012
67%
57 Raúl Rodríguez CB 81 0 0 2010-2015
67%
192 Roberto Fernández ST 19 6 1 2024-2025
67%
284 Roger Martínez CM 2 0 0 2022-2024
67%
142 Román Martínez CM 32 5 1 2008-2009
67%
119 Rubén Duarte CB 36 0 1 2014-2017
67%
63 Víctor Álvarez LB 76 1 7 2010-2011, 2012-2017
67%
187 Víctor Gómez RB 21 0 0 2019-2020, 2021-2022
67%
76 Abraham González CM 63 2 3 2013-2016
56%
46 Adrián Embarba RW 89 11 20 2019-2023
56%
31 Adrià Pedrosa LB 107 5 8 2018-2023
56%
64 Álvaro González CB 74 1 1 2014-2017
56%
213 Antonio Pacheco CF 13 3 2 2001-2002
56%
143 Antoniu Roca RW 32 0 1 2023-2025
56%
58 Brian Oliván LB 80 1 11 2022-2025
56%
168 Burgui LW 26 1 3 2015-2016
56%
38 Cristhian Stuani ST 103 25 9 2012-2015
56%
12 Dani Jarque CB 195 8 1 2002-2009
56%
70 Edu Expósito CM 68 3 8 2022-2025
56%
259 Eric Bailly CB 5 0 0 2014-2015
56%
156 Facundo Ferreyra ST 29 3 0 2018-2020
56%
43 Felipe Caicedo ST 93 19 4 2014-2017
56%
21 Fernando Calero CB 135 5 2 2019-2025
56%
105 Fernando Pacheco GK 44 0 0 2022-2024
56%
109 Gorka Iraizoz GK 44 0 0 2005-2007
56%
25 Héctor Moreno CB 118 7 6 2011-2015
56%
19 Joan Verdú AM 144 23 18 2009-2013
56%
60 Jofre Carreras RW 78 6 9 2020-2021, 2023-2025
56%
130 Joselu ST 34 16 2 2022-2023
56%
34 Keidi Bare CM 105 1 7 2020-2024
56%
114 Landry Dimata ST 38 5 1 2020-2021, 2023-2024
56%
122 Marash Kumbulla CB 35 3 0 2024-2025
56%
87 Mario Hermoso CB 54 4 0 2017-2019
56%
98 Matías Vargas LW 48 2 6 2019-2021
56%
96 Naldo CB 49 1 2 2017-2020
56%
24 Nico Melamed AM 124 12 10 2019-2024
56%
59 Omar El Hilali RB 80 0 6 2020-2021, 2022-2025
56%
20 Óscar Melendo AM 140 4 8 2016-2022
56%
52 Pablo Piatti AM 85 13 14 2016-2020
56%
89 Pape Diop DM 53 3 1 2015-2018
56%
45 Pol Lozano CM 91 0 2 2019-2020, 2022-2025
56%
101 Salva Sevilla CM 47 1 4 2014-2017
56%
151 Toni Jiménez GK 29 0 0 2002-2004
56%
92 Víctor Ruiz CB 52 2 2 2009-2010, 2023-2024
56%
177 Yangel Herrera CM 23 1 1 2021-2022
56%
118 Alex Král CM 37 0 1 2024-2025
44%
277 Alfa Semedo DM 3 0 0 2018-2019
44%
65 Álvaro Vázquez ST 70 10 4 2010-2012, 2016-2017
44%
232 Benjamin Lecomte GK 10 0 0 2022-2023
44%
153 Bernardo Espinosa CB 29 3 0 2019-2020
44%
128 Carlos Romero LB 34 2 1 2024-2025
44%
191 César Montes CB 20 3 0 2022-2023
44%
107 Daniel Osvaldo ST 44 20 4 2009-2011
44%
56 Diego Colotto CB 82 7 2 2012-2015
44%
124 Diego Reyes CB 34 1 0 2016-2017
44%
66 Esteban Granero CM 70 5 6 2017-2020
44%
204 Irvin Cardona ST 16 1 1 2024-2025
44%
174 Iván Díaz CM 24 1 0 2000-2002
44%
90 Javi Márquez CM 53 3 4 2009-2012
44%
146 Joan Capdevila LB 31 0 0 2012-2014
44%
112 Jordi Amat CB 41 0 0 2009-2012
44%
110 José Alberto Cañas DM 42 0 0 2014-2016
44%
189 José Antonio Reyes RW 21 3 4 2016-2017
44%
78 José Manuel Jurado AM 60 3 7 2016-2018
44%
26 Kiko Casilla GK 115 0 0 2007-2008, 2011-2015
44%
62 Léo Baptistão ST 77 16 11 2016-2019
44%
134 Lucas Vázquez RB 33 3 6 2014-2015
44%
144 Marc Navarro RB 31 3 2 2016-2018
44%
125 Marco Asensio AM 34 4 13 2015-2016
44%
29 Marc Roca DM 108 3 4 2016-2021
44%
248 Martin Petrov LW 8 0 1 2012-2013
44%
33 Óscar Gil RB 106 1 6 2020-2024
44%
186 Roberto Rosales RB 21 3 1 2018-2019
44%
199 Tonny Vilhena CM 17 1 1 2021-2022
44%
127 Vini Souza DM 34 1 1 2022-2023
44%
179 Walid Cheddira ST 22 1 1 2024-2025
44%
307 Xavi Roca RB 1 0 0 2002-2003
44%
261 Albert Crusat LW 5 0 0 2002-2003
33%
16 Alberto Lopo CB 176 9 2 2000-2006
33%
48 Albert Riera LM 88 12 6 2005-2008
33%
195 Aldo Duscher DM 18 0 0 2010-2011
33%
165 Alejo Veliz ST 27 1 0 2024-2025
33%
99 Álvaro Aguado CM 48 1 3 2023-2025
33%
276 Andrés Prieto GK 3 0 0 2019-2020
33%
136 Cristóbal Parralo RB 33 0 0 2000-2001
33%
194 Denis Suárez AM 18 0 0 2022-2023
33%
133 Enzo Roco CB 33 2 0 2015-2016
33%
182 Fernando Marqués RW 21 1 5 2009-2010
33%
15 Ferrán Corominas ST 183 19 3 2003-2011
33%
225 Gabriel Torje RW 12 0 0 2013-2014
33%
280 Giedrius Arlauskis GK 3 0 0 2015-2016
33%
67 Iván Alonso ST 70 12 2 2008-2011
33%
23 Javi Chica RB 127 0 2 2006-2011
33%
100 Javi Fuego DM 48 1 0 2016-2018
33%
190 Jesús Dátolo LM 20 2 0 2010-2012
33%
222 Joan Jordán CM 12 1 0 2014-2016
33%
126 Jônatas CM 34 3 0 2006-2008
33%
135 Jonathan Calleri ST 33 4 3 2019-2020
33%
102 Jonathan Soriano ST 47 3 3 2002-2003, 2004-2009
33%
169 José Carlos Lazo LW 26 2 1 2022-2024
33%
97 José Gragera CM 49 2 0 2022-2025
33%
214 Juan Albín AM 13 2 0 2011-2013
33%
132 Juanfran Torres RB 33 1 0 2005-2006
33%
209 Kalu Uche ST 15 6 1 2011-2012
33%
181 Keita Baldé LW 21 0 0 2023-2024
33%
82 Mari Lacruz RB 59 2 0 2006-2009
33%
274 Michaël Ciani CB 3 0 0 2015-2017
33%
18 Moisés Hurtado DM 162 5 2 2001-2002, 2005-2010
33%
283 Naci Ünüvar LW 2 0 0 2024-2025
33%
121 Nenê AM 35 4 6 2008-2009
33%
41 Pablo Zabaleta RB 95 3 2 2005-2008
33%
83 Pere Milla LW 58 7 3 2023-2025
33%
106 Quique de Lucas AM 44 7 2 2000-2002
33%
217 Ramon LB 13 0 2 2023-2024
33%
289 Roger Hinojo LB 1 0 0 2024-2025
33%
246 Ronaël Pierre-Gabriel RB 8 1 0 2022-2023
33%
113 Rui Fonte ST 40 1 2 2010-2013
33%
193 Samuele Longo ST 18 3 2 2012-2013
33%
249 Sébastien Corchia RB 7 0 1 2019-2020
33%
108 Sergio CM 44 6 1 2000-2001
33%
139 Thievy Bifouma LW 32 4 4 2010-2011, 2013-2014
33%
201 Urko González de Zárate DM 17 0 2 2024-2025
33%
111 Valdo RW 42 5 8 2007-2009
33%
54 Walter Pandiani ST 84 22 2 2005-2006, 2011-2012
33%
241 Adrián Bastía DM 8 0 0 2003-2004
22%
254 Akinori Nishizawa ST 6 0 0 2000-2001
22%
260 Alain Boghossian CM 5 0 0 2002-2003
22%
279 Albert Serrán CB 3 0 0 2006-2008
22%
297 Albert Yagüe ST 1 0 0 2005-2006
22%
85 Aleix Vidal RW 56 2 3 2021-2023
22%
138 Alfredo Argensó GK 32 0 0 2000-2003
22%
159 Álvaro Tejero RB 28 1 4 2024-2025
22%
207 Álvaro Vadillo LW 15 0 0 2020-2022
22%
123 Anaitz Arbilla CB 35 1 1 2014-2016
22%
226 Ander Iturraspe DM 12 0 0 2019-2020
22%
22 Àngel Morales DM 131 1 2 2000-2005
22%
268 Antonio Raíllo CB 4 0 0 2015-2016
22%
286 Azrack Mahamat DM 2 0 0 2009-2010
22%
292 Bacari ST 1 0 0 2011-2012
22%
178 Ben Sahar ST 22 1 0 2009-2010
22%
295 Biel Ribas GK 1 0 0 2004-2005
22%
300 Bruno Saltor RB 1 0 0 2001-2002
22%
293 Carlos Clerc LB 1 0 0 2013-2014
22%
220 Cătălin Munteanu AM 12 1 1 2001-2002
22%
208 Christian Alfonso AM 15 0 0 2011-2013
22%
227 Claudiu Răducanu ST 11 3 0 2003-2004
22%
115 Constantin Gâlcă DM 38 5 2 2000-2001
22%
69 Cyril Domoraud CB 69 4 2 2002-2004
22%
301 Dani Villahermosa CM 1 0 0 2021-2022
22%
230 David Aganzo ST 11 0 1 2001-2002
22%
252 David Arteaga LM 7 0 0 2000-2001
22%
265 David Català CB 5 0 0 2001-2002
22%
197 Delio Toledo LB 18 1 0 2000-2001
22%
171 Didier Domi LB 26 0 0 2004-2006
22%
81 Eduardo Costa DM 59 1 1 2005-2007
22%
137 Ernesto Galán RB 33 1 0 2010-2012
22%
154 Erwin Lemmens GK 29 0 0 2003-2004
22%
240 Ewerthon ST 8 1 0 2007-2008
22%
188 Facundo Roncaglia CB 21 0 0 2009-2010
22%
215 Felipe Mattioni RB 13 0 0 2012-2015
22%
202 Fran DF 17 0 2 2001-2002
22%
149 Francisco Palencia ST 30 6 2 2001-2002
22%
71 Francisco Rufete RW 68 1 9 2006-2009
22%
104 Fran Mérida CM 46 1 1 2020-2022
22%
36 Frédson DM 105 11 3 2002-2007
22%
218 Gastón Valles ST 12 0 1 2023-2024
22%
290 Germán Parreño GK 1 0 0 2013-2014
22%
304 Gori Gracia CM 1 0 0 2021-2022
22%
196 Grégory Béranger LB 18 0 0 2008-2009
22%
237 Grégory Vignal LB 9 1 0 2003-2004
22%
242 Héctor Simón CM 8 0 0 2003-2004
22%
145 Hugo Ibarra RB 31 1 0 2004-2005
22%
288 Ian Forns LB 2 0 0 2023-2024
22%
256 Iñaki Lafuente GK 6 0 0 2007-2008
22%
61 Ito CM 78 0 0 2004-2007
22%
231 Iván Amaya CB 11 0 0 2002-2003
22%
238 Iván Pillud RB 9 0 0 2009-2010
22%
273 Jairo Morillas ST 3 0 0 2014-2015
22%
158 Jhon Córdoba ST 28 4 2 2013-2014
22%
210 Jofre Mateu LW 15 1 0 2005-2006
22%
150 Jordi Cruyff AM 30 3 1 2003-2004
22%
244 Jordi Lardín LW 8 0 0 2000-2001
22%
180 José Amavisca LM 22 2 0 2004-2005
22%
40 José Callejón RW 97 10 14 2008-2011
22%
243 José Luque LM 8 0 0 2002-2003
22%
32 Juan Forlín CB 106 2 2 2009-2013
22%
75 Juan Luis Mora GK 63 0 0 2000-2002
22%
72 Juan Rafael Fuentes LB 67 0 2 2013-2016
22%
176 Juan Velasco CB 24 0 0 2006-2007
22%
229 Julián López de Lerma AM 11 0 0 2006-2007, 2009-2010
22%
308 Julián Luque CM 1 0 0 2014-2015
22%
266 Justin Smith CM 5 0 0 2024-2025
22%
302 Kenneth Soler LW 1 0 0 2023-2024
22%
236 Kevin Bobson LW 9 1 0 2003-2004
22%
296 Kévin Soni ST 1 0 0 2019-2020
22%
303 Lluís Recasens CB 1 0 0 2021-2022
22%
184 Loren Morón ST 21 1 0 2021-2022
22%
263 Luca Koleosho RW 5 1 0 2021-2023
22%
291 Luismi CF 1 0 0 2003-2004
22%
211 Mamadou Sylla ST 14 0 0 2015-2016
22%
234 Manel ST 10 2 1 2000-2002
22%
147 Manuel Serrano ST 30 3 1 2000-2001
22%
203 Manu Lanzarote RW 17 1 3 2013-2014
22%
250 Manu Molina CM 7 0 0 2010-2011
22%
162 Manu Morlanes CM 27 2 0 2021-2022
22%
198 Marc Bertrán RB 17 0 0 2001-2004
22%
306 Marc Pedraza CM 1 0 0 2009-2010
22%
55 Marc Torrejón CB 83 1 0 2005-2009
22%
282 Martín Demichelis CB 2 0 0 2016-2017
22%
39 Martín Posse RW 98 9 15 2000-2002, 2004-2006
22%
74 Mauro Navas RM 66 0 0 2000-2003
22%
285 Max Svensson ST 2 0 0 2020-2021
22%
245 Miguel Ángel Benítez ST 8 0 1 2000-2002
22%
185 Miguel Llambrich RB 21 0 0 2020-2022
22%
305 Miguel Palanca AM 1 0 0 2006-2007
22%
103 Milan Smiljanic DM 46 0 0 2007-2009
22%
120 Moha AM 36 2 1 2006-2008
22%
298 Mohamed Ezzarfani LW 1 0 0 2019-2020
22%
167 Moisés Arteaga CM 26 3 0 2000-2001, 2002-2003
22%
131 Moreno Torricelli RB 33 0 0 2002-2004
22%
172 Mubarak Wakaso CM 26 3 6 2012-2013
22%
205 Mustapha Hadji AM 16 1 2 2003-2004
22%
299 Nabil Touaizi ST 1 0 0 2022-2023
22%
221 Nando CB 12 0 0 2000-2001
22%
258 Nan Ribera RM 5 0 0 2000-2001
22%
79 Nicolás Pareja CB 60 3 1 2008-2010
22%
257 Oier Olazábal GK 6 0 0 2019-2022
22%
287 Omar Sadik ST 2 0 0 2023-2024
22%
264 Óscar Miñambres RB 5 0 0 2004-2005
22%
152 Óscar Serrano LM 29 2 2 2004-2005
22%
262 Óscar Sielva CM 5 0 0 2008-2009
22%
95 Pablo Rotchen CB 50 3 2 2000-2002
22%
141 Paco Montañés LW 32 1 1 2014-2016
22%
235 Paulo Sousa CM 9 0 0 2001-2002
22%
294 Paul Quaye CM 1 0 0 2011-2012
22%
170 Pierre Womé LB 26 1 2 2003-2004
22%
233 Pipa RB 10 0 3 2019-2020
22%
160 Pizzi AM 28 3 1 2013-2014
22%
239 Rafel Bauzà CM 8 0 0 2023-2025
22%
53 Raúl Baena DM 85 2 3 2009-2013
22%
219 Raúl Molina ST 12 1 0 2003-2004
22%
267 Raúl Vates MF 4 0 0 2001-2002
22%
164 Ricardo Cavas LB 27 1 0 2001-2003
22%
251 Rober Correa RB 7 0 0 2015-2016
22%
270 Roberto GK 4 0 0 2016-2017
22%
157 Romaric DM 28 3 1 2011-2012
22%
129 Savo Milošević ST 34 12 3 2002-2003
22%
224 Sergio Tejera CM 12 1 0 2012-2013
22%
216 Shunsuke Nakamura AM 13 0 1 2009-2010
22%
223 Sidnei CB 12 0 0 2013-2014
22%
80 Simão LW 60 3 8 2012-2014
22%
253 Simo Keddari CB 7 0 0 2022-2023
22%
271 Steve Finnan RB 4 0 0 2008-2009
22%
183 Tayfun Korkut RM 21 0 0 2003-2004
22%
35 Toni Soldevilla CB 105 3 2 2000-2005
22%
44 Toni Velamazán RM 91 10 5 2000-2006
22%
148 Víctor Campuzano ST 30 3 0 2019-2021
22%
161 Vladimír Weiss LW 28 2 3 2011-2012
22%
No matching quizzes found
Score Distribution
Percent of People with Each Score
Percentile by Number Answered
Your Score History
You have not taken this quiz